Name a Country in Each Region - Statistics

General Stats
  • This quiz has been taken 111 times
    64 since last reset
  • The average score is 23 of 28
Answer Stats
Region Name A Country % Correct
North America Antigua | Bahamas | Barbados | Belize | Canada | Costa Rica | Cuba | Dominica | Dominican Republic | El Salvador | Grenada | Guatemala | Haiti | Honduras | Jamaica| Mexico | Nicaragua | Panama | Saint Kitts | Saint Lucia | Saint Vincent | Trinidad | United States
100%
Caribbean Antigua | Bahamas | Barbados | Cuba | Dominica | Dominican Republic | Grenada | Haiti | Jamaica | Saint Kitts | Saint Lucia |Saint Vincent | Trinidad and Tobago
100%
Middle East Egypt | Saudi Arabia | Turkey | Cyprus | Iraq | Iran | Oman | Yemen | Israel | United Arab Emirates | Syria | Kuwait | Qatar | Jordan | Bahrain | Lebanon
100%
Western Europe United Kingdom | Ireland | Iceland | Italy | Portugal | France | Spain | Germany | Finland| Greece | Norway | Sweden | Denmark | Netherlands | Switzerland | Vatican City | Belgium | Malta | Austria | Monaco | Luxembourg | Liechtenstein | San Marino | Andorra
100%
Oceania Australia | Fiji | Indonesia | Kiribati | Marshall Islands | Micronesia | Nauru
| New Zealand | Palau | Papua New Guinea | Samoa | Solomon Islands
| Tonga | Tuvalu | Vanuatu
98%
Scandinavia Denmark | Norway | Sweden
98%
Central Africa Angola | Cameroon | Central African Republic | Chad | Democratic Republicof the Congo | Equatorial Guinea | Gabon | Republic of the Congo |São Tomé
96%
Mediterranean Albania | Algeria | Bosnia | Croatia | Cyprus | Egypt | France | Greece | Israel | Italy | Lebanon | Libya | Malta | Monaco | Montenegro | Morocco | Slovenia | Spain | Syria | Tunisia | Turkey
90%
Southern Africa Angola | Botswana | Eswatini | Lesotho | Malawi | Mozambique | Namibia | Zambia | Zimbabwe | South Africa
90%
Eastern Europe Russia | Poland | Ukraine | Lithuania | Belarus | Estonia | Latvia | Romania | Czech Republic | Croatia | Moldova | Hungary | Bulgaria | Slovakia | Bosnia | Slovenia | Albania| Serbia | Kosovo | North Macedonia | Montenegro
90%
Balkans Albania | Bosnia | Bulgaria | Croatia | Greece | Kosovo | Montenegro | North Macedonia | Romania | Serbia | Slovenia
88%
Arabian Peninsula Bahrain | Iraq | Jordan | Kuwait | Oman | Qatar | Saudi Arabia | United Arab Emirates | Yemen
86%
Western Asia Bahrain | Iraq | Jordan | Kuwait | Lebanon | Oman | Qatar | Saudi Arabia | Syria | United Arab Emirates | Yemen
84%
North Africa Algeria | Egypt | Libya | Morocco | Tunisia | Mauritania | Sudan
82%
West Africa Mali | Nigeria | Niger | Mauritania | Cape Verde | Togo | Senegal | Burkina Faso | Ivory Coast | Gambia | Ghana | Liberia | Guinea-Bissau | Sierra Leone | Benin | Guinea
82%
Polynesia New Zealand | Samoa | Tonga | Tuvalu | Solomon Islands | Vanuatu
80%
Southeast Asia Brunei | Cambodia | East Timor | Indonesia | Laos | Malaysia | Myanmar | Philippines | Singapore | Thailand | Vietnam
78%
Eastern Africa Djibouti | Eritrea | Ethiopia | Somalia | Sudan | South Sudan | Madagascar | Mauritius | Comoros | Seychelles | Uganda | Rwanda | Burundi | Tanzania | Mozambique | Malawi | Zambia | Zimbabwe | Kenya
76%
Micronesia Palau | Micronesia | Marshall Islands | Kiribati
76%
Baltic States Estonia | Latvia | Lithuania
73%
Caucasus Armenia | Azerbaijan | Georgia | Russia
71%
Central America Belize | Costa Rica | El Salvador | Guatemala | Honduras | Nicaragua | Panama
71%
African Great Lakes Burundi | DRC | Ethiopia | Kenya | Malawi | Mozambique | Rwanda | Tanzania | Uganda
69%
Horn of Africa Djibouti | Eritrea | Ethiopia | Somalia
69%
Greater Antilles Cuba | Dominican Republic | Haiti | Jamaica
65%
Southern Cone Brazil | Chile | Argentina | Paraguay | Peru | Uruguay
61%
Lesser Antilles Antigua | Barbados | Dominica | Grenada | Saint Kitts | Saint Lucia | Saint Vincent | Trinidad
59%
Melanesia Fiji | Vanuatu | Solomon Islands | Papua New Guinea
57%
No matching quizzes found
Score Distribution
Percent of People with Each Score
Percentile by Number Answered
Your Score History
You have not taken this quiz since the last reset